Organic chemistry / (Record no. 818)

000 -LEADER
fixed length control field 00742pam a2200265 a 4500
003 - CONTROL NUMBER IDENTIFIER
control field OSt
005 - DATE AND TIME OF LATEST TRANSACTION
control field 20210621080606.0
008 - FIXED-LENGTH DATA ELEMENTS--GENERAL INFORMATION
fixed length control field 830707s1984 nyua b 001 0 eng
020 ## - INTERNATIONAL STANDARD BOOK NUMBER
International Standard Book Number 0471870323 :
040 ## - CATALOGING SOURCE
Transcribing agency DLC
050 00 - LIBRARY OF CONGRESS CALL NUMBER
Classification number QD251.2
Item number .S66 1984
100 1# - MAIN ENTRY--PERSONAL NAME
Personal name Solomons, T. W. Graham.
245 10 - TITLE STATEMENT
Title Organic chemistry /
Statement of responsibility, etc. T.W. Graham Solomons.
250 ## - EDITION STATEMENT
Edition statement 3rd ed.
260 ## - PUBLICATION, DISTRIBUTION, ETC.
Place of publication, distribution, etc. New York :
Name of publisher, distributor, etc. Wiley,
Date of publication, distribution, etc. c1984.
300 ## - PHYSICAL DESCRIPTION
Extent xxii, 1103, [48] p. :
Other physical details ill. ;
Dimensions 27 cm.
500 ## - GENERAL NOTE
General note Includes index.
504 ## - BIBLIOGRAPHY, ETC. NOTE
Bibliography, etc. note Bibliography: p. [2-6] (2nd sequence)
650 #0 - SUBJECT ADDED ENTRY--TOPICAL TERM
Topical term or geographic name entry element Chemistry, Organic.
906 ## - LOCAL DATA ELEMENT F, LDF (RLIN)
a 7
b cbc
c orignew
d 1
e ocip
f 19
g y-gencatlg
942 ## - ADDED ENTRY ELEMENTS (KOHA)
Source of classification or shelving scheme
Koha item type Book
Suppress in OPAC DO
Holdings
Withdrawn status Lost status Source of classification or shelving scheme Damaged status Not for loan Permanent Location Current Location Shelving location Date acquired Total Checkouts Full call number Barcode Date last seen Date last checked out Copy number Price effective from Koha item type Public note Total Renewals
          AU LIBRARY AU LIBRARY Open Shelf 21.06.2021 2 QD251.2 .S66 1984 C1 28001895 30.01.2024 17.01.2024 1 21.06.2021 Book DO  
          AU LIBRARY AU LIBRARY Open Shelf 21.06.2021 4 QD251.2 .S66 1984 C2 28001894 24.04.2023 31.03.2023 2 21.06.2021 Book DO 2

Powered by Koha